[Event "16. Obert Int. Sant Martí 2014 Grupo B"]
[Site "Barcelona ESP"]
[Date "2014.07.16"]
[Round "4.29"]
[White "Roig Ruiz, Carles"]
[Black "Mamontova, Anastasia"]
[Result "0-1"]
[WhiteElo "1997"]
[BlackElo "1858"]
[PlyCount "90"]
[EventDate "2014.07.13"]
[EventType "swiss"]
[EventRounds "9"]
[EventCountry "ESP"]
[Source "lmi"]
[SourceDate "2014.07.13"]

1. d4 Nf6 2. c4 c5 3. d5 b5 4. cxb5 a6 5. bxa6 Bxa6 6. Nc3 g6 7. f4 d6 8. Nf3
Bg7 9. e4 Bxf1 10. Rxf1 Qa5 11. Kf2 Ng4+ 12. Kg1 Bxc3 13. bxc3 Qxc3 14. Bd2 Qd3
15. Qb3 Qxe4 16. Qb7 O-O 17. Qxa8 c4 18. Rac1 Nf6 19. Rfe1 Qf5 20. Rxc4 Nxd5
21. Qa4 Nb6 22. Qc2 Nxc4 23. Qxc4 Qd7 24. a4 Rc8 25. Qe4 Nc6 26. Rc1 d5 27. Qb1
Qa7+ 28. Kf1 Rb8 29. Qc2 Nd8 30. a5 Ne6 31. Qd3 Rd8 32. Ne5 Nc5 33. Qd4 Qa6+
34. Kf2 Nb3 35. Rc6 Qa8 36. Qb4 Nxd2 37. Qxe7 Rf8 38. a6 Ne4+ 39. Kf3 Qb8 40.
Qb7 Qd8 41. Qc7 Qh4 42. Nd3 Re8 43. g3 Qxh2 44. f5 Nd2+ 45. Kf4 Qh6+ 0-1

[Event "16. Obert Int. Sant Martí 2014 Grupo B"]
[Site "Barcelona ESP"]
[Date "2014.07.16"]
[Round "4.30"]
[White "Albert Cristobal, Jorge"]
[Black "Sanchez Paz, Josep"]
[Result "1-0"]
[WhiteElo "1993"]
[BlackElo "1882"]
[PlyCount "49"]
[EventDate "2014.07.13"]
[EventType "swiss"]
[EventRounds "9"]
[EventCountry "ESP"]
[Source "lmi"]
[SourceDate "2014.07.13"]

1. e4 c5 2. d4 cxd4 3. c3 d3 4. Bxd3 Nc6 5. Nf3 e5 6. O-O Nf6 7. Bc4 h6 8. b4
a6 9. Qb3 Qe7 10. Ba3 b5 11. Bd5 Nxd5 12. exd5 Nd8 13. Re1 d6 14. c4 f5 15. Bb2
e4 16. Nc3 Qf7 17. c5 Be7 18. cxd6 Bxd6 19. Nd1 O-O 20. Ne5 Qh5 21. Re3 Nf7 22.
Rh3 Qg5 23. Rg3 Qd2 24. Rxg7+ Kh8 25. Ng6# 1-0

[Event "16. Obert Int. Sant Martí 2014 Grupo B"]
[Site "Barcelona ESP"]
[Date "2014.07.16"]
[Round "4.31"]
[White "Carrey Abellan, Enric"]
[Black "Valbuena Castro, Gregorio"]
[Result "1-0"]
[WhiteElo "1991"]
[BlackElo "1851"]
[PlyCount "55"]
[EventDate "2014.07.13"]
[EventType "swiss"]
[EventRounds "9"]
[EventCountry "ESP"]
[Source "lmi"]
[SourceDate "2014.07.13"]

1. d4 c5 2. d5 Nf6 3. c4 g6 4. Nc3 Bg7 5. e4 d6 6. Nf3 O-O 7. Be2 e6 8. O-O
exd5 9. Nxd5 Nxe4 10. Qc2 Re8 11. Bd3 f5 12. Bf4 Nc6 13. a3 Nd4 14. Nxd4 Bxd4
15. Be3 Bxe3 16. Nxe3 Qh4 17. Nd5 Re5 18. Rae1 Nf6 19. g3 Qh3 20. Nxf6+ Kf7 21.
Nd5 f4 22. Nxf4 Qg4 23. Qd2 g5 24. Be2 Qf5 25. Ng2 d5 26. Ne3 Qe4 27. Nxd5 Bh3
28. Bh5+ 1-0

[Event "16. Obert Int. Sant Martí 2014 Grupo B"]
[Site "Barcelona ESP"]
[Date "2014.07.16"]
[Round "4.32"]
[White "Poyato Ruiz, Fernando"]
[Black "Gama Corral, Carlos"]
[Result "0-1"]
[WhiteElo "1968"]
[BlackElo "1784"]
[PlyCount "58"]
[EventDate "2014.07.13"]
[EventType "swiss"]
[EventRounds "9"]
[EventCountry "ESP"]
[Source "lmi"]
[SourceDate "2014.07.13"]

1. d4 Nf6 2. c4 e5 3. e3 Bb4+ 4. Bd2 Qe7 5. Bd3 exd4 6. Qe2 dxe3 7. fxe3 Nc6 8.
Nf3 d5 9. Nc3 dxc4 10. Bxc4 O-O 11. O-O Bg4 12. h3 Bh5 13. a3 Bxc3 14. Bxc3 Ne4
15. Be1 Ne5 16. g4 Nxc4 17. Qxc4 Bg6 18. Rc1 c5 19. Bh4 Qe8 20. Ng5 Nd2 21.
Qxc5 Nxf1 22. Rxf1 b6 23. Qd4 Rd8 24. Qf4 Rd2 25. b4 h6 26. Nf3 Rd3 27. Ne5
Rxa3 28. g5 hxg5 29. Bxg5 Qe6 0-1

[Event "16. Obert Int. Sant Martí 2014 Grupo B"]
[Site "Barcelona ESP"]
[Date "2014.07.16"]
[Round "4.33"]
[White "Rey Plaza, Sergio"]
[Black "Ferres Saez, Joan"]
[Result "0-1"]
[WhiteElo "1831"]
[BlackElo "1965"]
[PlyCount "118"]
[EventDate "2014.07.13"]
[EventType "swiss"]
[EventRounds "9"]
[EventCountry "ESP"]
[Source "lmi"]
[SourceDate "2014.07.13"]

1. e4 g6 2. Nc3 Bg7 3. d3 d6 4. g3 Nf6 5. Bg2 c5 6. Be3 O-O 7. Nf3 Nc6 8. Rb1
Ng4 9. O-O Nxe3 10. fxe3 Bd7 11. Ne2 Rc8 12. c3 Bh6 13. Qd2 a5 14. Nf4 Ne5 15.
Nxe5 dxe5 16. Nd5 b5 17. Qf2 f5 18. g4 e6 19. gxf5 exd5 20. Qg3 Qf6 21. exd5
Bg7 22. Bh3 gxf5 23. Bxf5 Bxf5 24. e4 Qg6 25. exf5 Rxf5 26. Qxg6 hxg6 27. Kg2
Rcf8 28. h3 Kh7 29. Rxf5 gxf5 30. Kf3 Bh6 31. a4 b4 32. c4 Rg8 33. Rd1 Kg7 34.
h4 Kf6 35. h5 Rg5 36. Rh1 Rg4 37. b3 Rd4 38. Ke2 Kg5 39. Rf1 Rh4 40. Rd1 Kxh5
41. Rg1 Rg4 42. Rh1+ Kg6 43. d6 Rd4 44. Rg1+ Bg5 45. Rh1 Rxd6 46. Rh8 Rd8 47.
Rh1 e4 48. dxe4 fxe4 49. Rh3 Kf5 50. Rh7 Rd3 51. Rc7 Be3 52. Ra7 Rxb3 53. Rxa5
Rc3 54. Rb5 Ra3 55. a5 Ke5 56. a6 Bd4 57. Rb6 b3 58. a7 Rxa7 59. Rxb3 Ra4 0-1

[Event "16. Obert Int. Sant Martí 2014 Grupo B"]
[Site "Barcelona ESP"]
[Date "2014.07.16"]
[Round "4.34"]
[White "Cano Sevila, Ivan"]
[Black "Martin Palau, Roger"]
[Result "1/2-1/2"]
[WhiteElo "2039"]
[BlackElo "1750"]
[PlyCount "64"]
[EventDate "2014.07.13"]
[EventType "swiss"]
[EventRounds "9"]
[EventCountry "ESP"]
[Source "lmi"]
[SourceDate "2014.07.13"]

1. d4 Nf6 2. Bf4 e6 3. e3 d5 4. Nf3 c5 5. c3 Qb6 6. Qb3 c4 7. Qc2 Nbd7 8. Nbd2
Be7 9. Be2 O-O 10. Ne5 Rd8 11. h3 Nxe5 12. dxe5 Ne4 13. Nxe4 dxe4 14. Bxc4 Bd7
15. O-O g5 16. Bg3 Bc6 17. Rfd1 Bf8 18. Qb3 Rxd1+ 19. Rxd1 Rd8 20. Be2 Rxd1+
21. Bxd1 Qa6 22. Qc2 Qxa2 23. Qe2 Be7 24. h4 h6 25. Qh5 Qxb2 26. Bg4 Qxc3 27.
Qxh6 gxh4 28. Bf4 h3 29. Bxh3 Qe1+ 30. Kh2 Qxf2 31. Bg3 Qe2 32. Bf4 Qf2 1/2-1/2

[Event "16. Obert Int. Sant Martí 2014 Grupo B"]
[Site "Barcelona ESP"]
[Date "2014.07.16"]
[Round "4.35"]
[White "Llopis Jordan, Lluis"]
[Black "Riera Danes, Manel"]
[Result "1/2-1/2"]
[WhiteElo "1908"]
[BlackElo "2048"]
[PlyCount "59"]
[EventDate "2014.07.13"]
[EventType "swiss"]
[EventRounds "9"]
[EventCountry "ESP"]
[Source "lmi"]
[SourceDate "2014.07.13"]

1. d4 Nf6 2. c4 g6 3. Nc3 Bg7 4. Nf3 d6 5. Bg5 O-O 6. e4 h6 7. Be3 Nc6 8. Be2
e5 9. d5 Ne7 10. Qd2 Ng4 11. O-O Nxe3 12. Qxe3 f5 13. Nd2 f4 14. Qd3 Kh8 15. b4
g5 16. h3 Ng6 17. Bh5 Rf6 18. Kh2 Bd7 19. f3 Nh4 20. Kg1 Be8 21. Bxe8 Qxe8 22.
Kf2 Qh5 23. Rac1 Rg8 24. Rg1 Qf7 25. c5 Bf8 26. Nb5 a6 27. Na3 h5 28. c6 b5 29.
Rh1 Rh6 30. Rcg1 1/2-1/2

[Event "16. Obert Int. Sant Martí 2014 Grupo B"]
[Site "Barcelona ESP"]
[Date "2014.07.16"]
[Round "4.36"]
[White "Navas Martin, Jordi"]
[Black "Domenche Redondo, Francesc"]
[Result "1/2-1/2"]
[WhiteElo "2024"]
[BlackElo "1906"]
[PlyCount "44"]
[EventDate "2014.07.13"]
[EventType "swiss"]
[EventRounds "9"]
[EventCountry "ESP"]
[Source "lmi"]
[SourceDate "2014.07.13"]

1. d4 d5 2. Nf3 Nf6 3. c4 c6 4. Nc3 e6 5. e3 Bd6 6. Bd3 Nbd7 7. O-O O-O 8. cxd5
cxd5 9. b3 b6 10. Qe2 Bb7 11. Bb2 Qe7 12. Nb5 Rfc8 13. Rac1 Rxc1 14. Rxc1 a6
15. Nxd6 Qxd6 16. Ne5 b5 17. g4 Rc8 18. Rxc8+ Bxc8 19. g5 Ne4 20. Qh5 Nxe5 21.
dxe5 Qb4 22. Qh4 Qe7 1/2-1/2

[Event "16. Obert Int. Sant Martí 2014 Grupo B"]
[Site "Barcelona ESP"]
[Date "2014.07.16"]
[Round "4.37"]
[White "Brunet Gil, Pol"]
[Black "Pujal Moncho, Joaquim"]
[Result "0-1"]
[WhiteElo "1880"]
[BlackElo "1997"]
[PlyCount "50"]
[EventDate "2014.07.13"]
[EventType "swiss"]
[EventRounds "9"]
[EventCountry "ESP"]
[Source "lmi"]
[SourceDate "2014.07.13"]

1. e4 d5 2. exd5 Qxd5 3. Nc3 Qa5 4. d4 Nf6 5. Nf3 Bg4 6. h3 Bxf3 7. Qxf3 c6 8.
Bc4 e6 9. Bd2 Qb6 10. Qd3 Bd6 11. O-O O-O 12. Rfe1 Nbd7 13. Bb3 Qc7 14. Ne4
Nxe4 15. Rxe4 Nf6 16. Rh4 g6 17. Qe3 Rfe8 18. Bc3 Bf8 19. d5 exd5 20. Qd3 Bg7
21. Bd2 Ne4 22. c3 Qe7 23. g3 Bf6 24. Rh6 Nxd2 25. h4 Nxb3 0-1

[Event "16. Obert Int. Sant Martí 2014 Grupo B"]
[Site "Barcelona ESP"]
[Date "2014.07.16"]
[Round "4.39"]
[White "Jourde, Michel"]
[Black "Peiron Lluch, Jose Daniel"]
[Result "0-1"]
[WhiteElo "1805"]
[BlackElo "1990"]
[PlyCount "82"]
[EventDate "2014.07.13"]
[EventType "swiss"]
[EventRounds "9"]
[EventCountry "ESP"]
[Source "lmi"]
[SourceDate "2014.07.13"]

1. e4 d5 2. exd5 Nf6 3. d4 Bg4 4. Nf3 Qxd5 5. Be2 Nc6 6. h3 Bh5 7. Nc3 Qd7 8.
O-O O-O-O 9. Be3 Bxf3 10. Bxf3 Nxd4 11. Bxd4 Qxd4 12. Qe2 Qb6 13. Na4 Qa5 14.
b3 e6 15. c3 Be7 16. Qc2 Rd7 17. b4 Qg5 18. a3 Rhd8 19. Rab1 Rd2 20. Qb3 Nd5
21. Rfd1 Nb6 22. Nb2 Rxd1+ 23. Nxd1 Rd3 24. Ne3 Bf6 25. a4 Rxc3 26. Qd1 Qf4 27.
a5 Nc4 28. Nxc4 Qxc4 29. Be2 Qd4 30. Qa4 Qd7 31. b5 Qd4 32. Qa2 Qc5 33. Bf1 Rc2
34. Qa4 Qxf2+ 35. Kh1 Bd4 36. Kh2 Qg1+ 37. Kg3 Qf2+ 38. Kh2 Qg1+ 39. Kg3 Rc3+
40. Kg4 f5+ 41. Kh5 Qe3 0-1

[Event "16. Obert Int. Sant Martí 2014 Grupo B"]
[Site "Barcelona ESP"]
[Date "2014.07.16"]
[Round "4.40"]
[White "Olive Oller, Guim"]
[Black "Martin Sanchez, Antoni"]
[Result "0-1"]
[WhiteElo "1989"]
[BlackElo "1825"]
[PlyCount "92"]
[EventDate "2014.07.13"]
[EventType "swiss"]
[EventRounds "9"]
[EventCountry "ESP"]
[Source "lmi"]
[SourceDate "2014.07.13"]

1. d4 Nf6 2. c4 g6 3. Nc3 Bg7 4. e4 d6 5. f3 Nbd7 6. Be3 c5 7. Nge2 O-O 8. Qd2
a6 9. g4 Qa5 10. Bh6 b5 11. Bxg7 Kxg7 12. Ng3 cxd4 13. Qxd4 Ne5 14. Be2 bxc4
15. g5 Nxf3+ 16. Bxf3 Qxg5 17. Nd5 e5 18. Qxc4 Nxd5 19. Qxd5 Be6 20. Qd2 Qe7
21. O-O h5 22. Rfd1 Rfd8 23. Nf1 h4 24. Ne3 Qg5+ 25. Kh1 Qf4 26. Rf1 h3 27. a3
Rab8 28. Rf2 Rb3 29. Re1 Rdb8 30. Qxd6 Rxb2 31. Nc2 R8b3 32. Qd1 Bg4 33. Bxg4
Qxf2 34. Re2 Qf4 35. Re1 Rb1 36. Qe2 R3b2 37. Rxb1 Rxb1+ 38. Ne1 Qc1 39. Bxh3
Qxe1+ 40. Qxe1 Rxe1+ 41. Kg2 Rxe4 42. Bd7 f5 43. a4 a5 44. Kf3 Rb4 45. Kf2 Kf6
46. Be8 g5 0-1

[Event "16. Obert Int. Sant Martí 2014 Grupo B"]
[Site "Barcelona ESP"]
[Date "2014.07.16"]
[Round "4.41"]
[White "Ylla Soro, Rafael"]
[Black "Perez Garcia, Adria"]
[Result "0-1"]
[WhiteElo "1799"]
[BlackElo "1979"]
[PlyCount "58"]
[EventDate "2014.07.13"]
[EventType "swiss"]
[EventRounds "9"]
[EventCountry "ESP"]
[Source "lmi"]
[SourceDate "2014.07.13"]

1. e4 c6 2. d4 d5 3. f3 Qb6 4. Ne2 e6 5. Ng3 g6 6. c3 Bg7 7. Be2 Ne7 8. O-O O-O
9. Nd2 c5 10. Nb3 cxd4 11. cxd4 e5 12. Be3 Nbc6 13. Qd2 exd4 14. Bf2 dxe4 15.
Nxe4 Be6 16. Nec5 Bxb3 17. Nxb3 Nf5 18. Rac1 Bh6 19. f4 Ne3 20. Bxe3 dxe3 21.
Qd3 Rad8 22. Qb1 Rd2 23. Rc2 Rxc2 24. Qxc2 Rd8 25. Kh1 Nb4 26. Qb1 a5 27. a3
Nd5 28. Bc4 Nxf4 29. g3 Qc6+ 0-1

[Event "16. Obert Int. Sant Martí 2014 Grupo B"]
[Site "Barcelona ESP"]
[Date "2014.07.16"]
[Round "4.42"]
[White "Sobrevia Castellar, Lluis"]
[Black "Vargas Ramirez, Ana Maria"]
[Result "1-0"]
[WhiteElo "1975"]
[BlackElo "1796"]
[PlyCount "150"]
[EventDate "2014.07.13"]
[EventType "swiss"]
[EventRounds "9"]
[EventCountry "ESP"]
[Source "lmi"]
[SourceDate "2014.07.13"]

1. f4 d5 2. d4 Nf6 3. g3 e6 4. Bg2 c5 5. e3 Nc6 6. Nf3 Bd7 7. O-O Bd6 8. Nbd2
c4 9. c3 O-O 10. Ne5 Rb8 11. e4 Be7 12. Ng4 Nxg4 13. Qxg4 f5 14. exf5 Rxf5 15.
Qe2 Qf8 16. Bh3 Rf6 17. Nf3 h6 18. Bd2 Re8 19. Rae1 Bd8 20. Qd1 Bc7 21. Nh4 Bc8
22. Re2 Bd7 23. Qe1 a5 24. Bg4 Qf7 25. Ref2 a4 26. a3 Bd8 27. Qd1 Ne7 28. Qc2
Nc8 29. Nf3 Re7 30. Ne5 Qe8 31. Bf3 Bc7 32. g4 Bxe5 33. fxe5 Rf8 34. Be3 Ref7
35. h4 Qd8 36. g5 Rf5 37. Bg4 Rxf2 38. Rxf2 Rxf2 39. Qxf2 hxg5 40. Bxg5 Qf8 41.
Kg2 Qxf2+ 42. Kxf2 Kh7 43. Kf3 Kg6 44. Kf4 Na7 45. h5+ Kf7 46. h6 gxh6 47. Bxh6
Kg6 48. Bf8 Nc6 49. Bd1 Nd8 50. Kg4 Kf7 51. Bc5 b5 52. Kg5 Kg7 53. Be7 Nf7+ 54.
Kh5 Be8 55. Bf6+ Kg8 56. Kh4 Bd7 57. Bg4 Nh6 58. Bh3 Nf7 59. Kh5 Kh7 60. Bg4
Nh6 61. Bd1 Be8+ 62. Kg5 Nf7+ 63. Kh4 Kg8 64. Bc2 Bd7 65. Kh5 Be8 66. Bg6 Bd7
67. Be7 Bc8 68. Bc2 Bd7 69. Kg6 Be8 70. Kf6 Bd7 71. Bg6 Nh6 72. Bb4 Nf5 73.
Bf7+ Kh7 74. Bxe6 Bxe6 75. Kxe6 Ne3 1-0

[Event "16. Obert Int. Sant Martí 2014 Grupo B"]
[Site "Barcelona ESP"]
[Date "2014.07.16"]
[Round "4.43"]
[White "Romero Funieles, Rafael De Jesus"]
[Black "Larios Jimenez, Rafael"]
[Result "1/2-1/2"]
[WhiteElo "1939"]
[BlackElo "1791"]
[PlyCount "103"]
[EventDate "2014.07.13"]
[EventType "swiss"]
[EventRounds "9"]
[EventCountry "ESP"]
[Source "lmi"]
[SourceDate "2014.07.13"]

1. e4 b6 2. d4 Bb7 3. Bd3 e6 4. Nf3 c5 5. dxc5 Bxc5 6. O-O Nc6 7. c3 h6 8. Nbd2
d5 9. exd5 exd5 10. Re1+ Nge7 11. Nb3 Bd6 12. Bc2 Qc7 13. Nbd4 Nxd4 14. cxd4
O-O-O 15. Bd3 Rde8 16. a4 a5 17. Bd2 Nc6 18. Bb5 Kb8 19. Rxe8+ Rxe8 20. Rc1 g5
21. Qc2 Rc8 22. Qf5 Qd8 23. Qxf7 g4 24. Bxc6 Rxc6 25. Ne5 Rxc1+ 26. Bxc1 Bxe5
27. dxe5 d4 28. e6 Qd5 29. Qf8+ Ka7 30. f3 d3 31. Bd2 Qxe6 32. fxg4 Qxg4 33.
Qf1 h5 34. h3 Qxa4 35. Qxd3 Qa1+ 36. Kh2 Qxb2 37. Qd8 Qe5+ 38. Kg1 Qg3 39. Qg5
h4 40. Qxg3 hxg3 41. Bf4 a4 42. Bxg3 a3 43. Kf2 b5 44. Ke2 Bxg2 45. h4 Be4 46.
Kd2 Kb6 47. Kc3 Ka5 48. Bd6 Ka4 49. h5 Bf5 50. h6 Bh7 51. Be7 Bg8 52. Bd6
1/2-1/2

[Event "16. Obert Int. Sant Martí 2014 Grupo B"]
[Site "Barcelona ESP"]
[Date "2014.07.16"]
[Round "4.45"]
[White "Sanz Ogaya, Mario"]
[Black "Clifford, Neil"]
[Result "1/2-1/2"]
[WhiteElo "1700"]
[BlackElo "1923"]
[PlyCount "68"]
[EventDate "2014.07.13"]
[EventType "swiss"]
[EventRounds "9"]
[EventCountry "ESP"]
[Source "lmi"]
[SourceDate "2014.07.13"]

1. e4 e5 2. Nf3 Nc6 3. Bb5 Nd4 4. Bc4 Nxf3+ 5. Qxf3 Qf6 6. Qe2 Bc5 7. Nc3 c6 8.
d3 Ne7 9. Be3 Bb6 10. O-O-O O-O 11. g3 Bd4 12. Qd2 Bxc3 13. Qxc3 d5 14. d4 dxc4
15. f4 Bh3 16. dxe5 Qg6 17. g4 Qxe4 18. Bc5 Qxf4+ 19. Kb1 Nd5 20. Qxh3 Rfe8 21.
Bd4 Re6 22. Rhf1 Rh6 23. Rxf4 Rxh3 24. Rf2 Ne3 25. Rg1 Rd8 26. Rd2 Nd5 27. Kc1
b6 28. Rf1 Re8 29. Rdf2 c5 30. Bc3 Nxc3 31. bxc3 Re3 32. Rxf7 R3xe5 33. Rxa7
Re1+ 34. Rxe1 Rxe1+ 1/2-1/2

[Event "16. Obert Int. Sant Martí 2014 Grupo B"]
[Site "Barcelona ESP"]
[Date "2014.07.16"]
[Round "4.46"]
[White "Negreira Rodriguez, Daniel"]
[Black "Subirana Santos, Marc"]
[Result "0-1"]
[WhiteElo "1786"]
[BlackElo "1912"]
[PlyCount "70"]
[EventDate "2014.07.13"]
[EventType "swiss"]
[EventRounds "9"]
[EventCountry "ESP"]
[Source "lmi"]
[SourceDate "2014.07.13"]

1. e4 g6 2. d4 Bg7 3. e5 d6 4. f4 Nh6 5. Nf3 O-O 6. Nc3 a6 7. h3 dxe5 8. fxe5
Nc6 9. Be3 Nf5 10. Qd2 Nxe3 11. Qxe3 Nb4 12. O-O-O Nd5 13. Qd2 b5 14. Ne4 c6
15. g4 a5 16. Nc5 a4 17. c4 bxc4 18. Bxc4 Nb6 19. Bd3 Rb8 20. Rdg1 Qd5 21. Be2
Qxa2 22. Qb4 Be6 23. Na6 Nc4 24. Nxb8 Bh6+ 25. g5 Bg7 26. Nxc6 a3 27. Nxe7+ Kh8
28. bxa3 Nxa3 29. Bd3 Nc4 30. Rh2 Qa8 31. Rf1 Rb8 32. Qc3 Bf8 33. Bxc4 Bxe7 34.
Bxe6 fxe6 35. Rc2 Bb4 0-1

[Event "16. Obert Int. Sant Martí 2014 Grupo B"]
[Site "Barcelona ESP"]
[Date "2014.07.16"]
[Round "4.47"]
[White "Ayza Casamitjana, Antoni"]
[Black "Pico Garcia, Antonio"]
[Result "1-0"]
[WhiteElo "2017"]
[BlackElo "1792"]
[PlyCount "69"]
[EventDate "2014.07.13"]
[EventType "swiss"]
[EventRounds "9"]
[EventCountry "ESP"]
[Source "lmi"]
[SourceDate "2014.07.13"]

1. e4 d5 2. exd5 Qxd5 3. Nc3 Qa5 4. Nf3 Nf6 5. Be2 Bf5 6. O-O e6 7. Nd4 c6 8.
Nxf5 Qxf5 9. d4 Qa5 10. Bd2 Qc7 11. Bd3 Be7 12. Ne2 Nbd7 13. Rc1 O-O 14. c4
Rfe8 15. b4 Nf8 16. a3 Ng6 17. Bb1 Rad8 18. Be3 Ng4 19. Ng3 Nxe3 20. fxe3 Bd6
21. Qf3 Rf8 22. Ne4 Be7 23. Qh5 Qc8 24. Rf3 f5 25. Rh3 Nh4 26. Ng5 h6 27. Nf3
Nxf3+ 28. gxf3 Qd7 29. f4 Rf6 30. Rg3 Bf8 31. Rc2 Re8 32. Rcg2 Re7 33. Rg6 Kh7
34. Rxf6 gxf6 35. Qg6+ 1-0

[Event "16. Obert Int. Sant Martí 2014 Grupo B"]
[Site "Barcelona ESP"]
[Date "2014.07.16"]
[Round "4.48"]
[White "Sarrio Vendrell, Nerea"]
[Black "Garcia Punzano, Josep Lluis"]
[Result "0-1"]
[WhiteElo "1792"]
[BlackElo "1950"]
[PlyCount "116"]
[EventDate "2014.07.13"]
[EventType "swiss"]
[EventRounds "9"]
[EventCountry "ESP"]
[Source "lmi"]
[SourceDate "2014.07.13"]

1. e4 c5 2. Nf3 d6 3. d4 cxd4 4. Nxd4 Nf6 5. Nc3 g6 6. Be3 Bg7 7. Bc4 Nc6 8.
Nf3 O-O 9. Qd2 Bg4 10. Be2 a6 11. h3 Bd7 12. O-O Qc8 13. Kh2 b5 14. Bd3 Na5 15.
Ne2 Nc4 16. Qc1 Nxb2 17. Ng3 Nxd3 18. cxd3 Qxc1 19. Raxc1 Rac8 20. Kg1 Be6 21.
a3 Nd7 22. d4 Bc4 23. Rfe1 e6 24. Bg5 Rfe8 25. Bf4 e5 26. dxe5 Nxe5 27. Nxe5
Bxe5 28. Bxe5 Rxe5 29. f4 Rec5 30. Rcd1 d5 31. exd5 Rxd5 32. Ne4 Rxd1 33. Rxd1
Kg7 34. Kf2 Re8 35. Re1 f5 36. Nc3 Rxe1 37. Kxe1 Kf6 38. Kd2 Ke6 39. Ke3 Kd6
40. g3 Kc5 41. h4 b4 42. axb4+ Kxb4 43. Kd4 a5 44. Nb1 a4 45. Ke5 Bd3 46. Nd2
a3 47. Kf6 a2 48. Kg7 a1=Q+ 49. Kxh7 Qf6 50. Nf3 Kc5 51. Ne5 Bb5 52. Nxg6 Kd6
53. Ne5 Ke7 54. h5 Be8 55. h6 Kf8 56. g4 fxg4 57. Nd7+ Bxd7 58. f5 Bxf5# 0-1

[Event "16. Obert Int. Sant Martí 2014 Grupo B"]
[Site "Barcelona ESP"]
[Date "2014.07.16"]
[Round "4.50"]
[White "Muratet Carmona, Alexandra"]
[Black "Castaño Jimenez, Andreu"]
[Result "0-1"]
[WhiteElo "1901"]
[BlackElo "1779"]
[PlyCount "56"]
[EventDate "2014.07.13"]
[EventType "swiss"]
[EventRounds "9"]
[EventCountry "ESP"]
[Source "lmi"]
[SourceDate "2014.07.13"]

1. e4 e5 2. Nf3 Nc6 3. Nc3 Nf6 4. Bc4 Nxe4 5. Bxf7+ Kxf7 6. Nxe4 Be7 7. d4 exd4
8. Bg5 d5 9. Ng3 Bxg5 10. Nxg5+ Qxg5 11. Qf3+ Qf6 12. Qxd5+ Qe6+ 13. Qxe6+ Bxe6
14. O-O Nb4 15. a3 Nxc2 16. Rac1 d3 17. Rfd1 Rad8 18. Ne4 Rhe8 19. Nc5 Bf5 20.
Nxb7 Rd5 21. b4 d2 22. Rb1 Re1+ 23. Rxe1 dxe1=Q+ 24. Rxe1 Nxe1 25. Kf1 Nc2 26.
Ke2 Nxa3 27. Na5 Nc2 28. Nc6 Bd7 0-1

[Event "16. Obert Int. Sant Martí 2014 Grupo B"]
[Site "Barcelona ESP"]
[Date "2014.07.16"]
[Round "4.51"]
[White "Mir Bellmunt, Jose"]
[Black "Flores Muñoz, Daniel"]
[Result "0-1"]
[WhiteElo "1758"]
[BlackElo "1899"]
[PlyCount "100"]
[EventDate "2014.07.13"]
[EventType "swiss"]
[EventRounds "9"]
[EventCountry "ESP"]
[Source "lmi"]
[SourceDate "2014.07.13"]

1. e4 c5 2. b3 e6 3. Bb2 Nf6 4. Nc3 Nc6 5. Nf3 d6 6. d4 cxd4 7. Nxd4 Nxd4 8.
Qxd4 e5 9. Qd2 Bd7 10. Bc4 Bc6 11. Bd5 Bxd5 12. exd5 Be7 13. O-O O-O 14. Rfe1
Re8 15. Rad1 Qa5 16. a4 a6 17. Qd3 Rac8 18. Ne4 Nxe4 19. Qxe4 Qc5 20. Re2 g6
21. Kh1 f5 22. Qd3 Bf6 23. Qh3 Bg7 24. c4 b5 25. cxb5 axb5 26. axb5 Qxb5 27.
Re3 Rc2 28. Ba3 h6 29. Bc1 Rxf2 30. Kg1 Rc2 31. b4 Rec8 32. Ree1 Qb6+ 33. Be3
Qxb4 34. Bxh6 Qb2 35. Bxg7 Kxg7 36. Rb1 Qd4+ 37. Kh1 R8c7 38. Qa3 Qxd5 39. Rg1
e4 40. Rbd1 Rd2 41. Rxd2 Qxd2 42. Qa1+ Qc3 43. Qd1 Qc5 44. Qd2 d5 45. Re1 d4
46. h3 d3 47. Qb2+ Qc3 48. Qxc3+ Rxc3 49. Kg1 d2 50. Rd1 Rc1 0-1

[Event "16. Obert Int. Sant Martí 2014 Grupo B"]
[Site "Barcelona ESP"]
[Date "2014.07.16"]
[Round "4.52"]
[White "Gomez Guinovart, Josep Manel"]
[Black "Pascual Duran, Pau"]
[Result "0-1"]
[WhiteElo "1873"]
[BlackElo "1762"]
[PlyCount "68"]
[EventDate "2014.07.13"]
[EventType "swiss"]
[EventRounds "9"]
[EventCountry "ESP"]
[Source "lmi"]
[SourceDate "2014.07.13"]

1. d4 Nf6 2. c4 g6 3. Nc3 Bg7 4. Nf3 d6 5. h3 O-O 6. Bf4 Nc6 7. e3 Nd7 8. Be2
e5 9. dxe5 dxe5 10. Bg5 Qe8 11. e4 Nc5 12. Be3 Ne6 13. O-O f5 14. Qc1 f4 15.
Bd2 Ncd4 16. Bd1 g5 17. Nh2 c6 18. f3 Rf6 19. Ng4 Rg6 20. b4 h5 21. Nf2 Rh6 22.
Qb2 Nf8 23. Be1 Ng6 24. Ne2 Nxf3+ 25. gxf3 Nh4 26. Nc3 Be6 27. Be2 Qc8 28. Kh2
g4 29. fxg4 f3 30. Bd1 hxg4 31. Nxg4 Bxg4 32. Bxh4 Rxh4 33. Bxf3 Bxh3 34. Kg3
Bxf1 0-1

[Event "16. Obert Int. Sant Martí 2014 Grupo B"]
[Site "Barcelona ESP"]
[Date "2014.07.16"]
[Round "4.53"]
[White "Maltsev, Andrey"]
[Black "Ballve Monte, Antoni"]
[Result "1-0"]
[WhiteElo "1867"]
[BlackElo "1750"]
[PlyCount "61"]
[EventDate "2014.07.13"]
[EventType "swiss"]
[EventRounds "9"]
[EventCountry "ESP"]
[Source "lmi"]
[SourceDate "2014.07.13"]

1. g3 e5 2. c4 Nf6 3. Bg2 Bc5 4. Nc3 c6 5. e4 d6 6. Nge2 Bg4 7. h3 Be6 8. b3
Na6 9. d4 Bb4 10. Bb2 exd4 11. Nxd4 Qa5 12. Qc2 Bc5 13. Rd1 Nb4 14. Qb1 d5 15.
a3 Na6 16. b4 Nxb4 17. axb4 Bxb4 18. Nde2 dxe4 19. O-O Bxc4 20. Nxe4 Bd5 21.
Nxf6+ gxf6 22. Bxd5 cxd5 23. Bxf6 Rg8 24. Qxh7 Kd7 25. Qxf7+ Kc6 26. Rc1+ Bc5
27. Nd4+ Kb6 28. Qe6+ Kc7 29. Qe7+ Kb6 30. Rxc5 Qxc5 31. Rb1+ 1-0

[Event "16. Obert Int. Sant Martí 2014 Grupo B"]
[Site "Barcelona ESP"]
[Date "2014.07.16"]
[Round "4.54"]
[White "Farell Duran, Josep"]
[Black "Fungueiriño Pique, Daniel"]
[Result "1/2-1/2"]
[WhiteElo "1766"]
[BlackElo "1864"]
[PlyCount "91"]
[EventDate "2014.07.13"]
[EventType "swiss"]
[EventRounds "9"]
[EventCountry "ESP"]
[Source "lmi"]
[SourceDate "2014.07.13"]

1. Nf3 Nf6 2. c4 g6 3. g3 Bg7 4. Bg2 c5 5. O-O Nc6 6. d3 O-O 7. Bd2 d6 8. Bc3
Bd7 9. Nbd2 Qc8 10. Re1 Bg4 11. Nf1 Bh3 12. Ne3 Bxg2 13. Kxg2 Ng4 14. Nxg4 Bxc3
15. bxc3 Qxg4 16. Qd2 Kg7 17. h3 Qc8 18. e4 e5 19. d4 Rd8 20. Qe3 b6 21. d5 Na5
22. Nd2 Rf8 23. f4 f6 24. fxe5 fxe5 25. Qg5 Qd8 26. Qe3 Qe7 27. Rf1 Rxf1 28.
Rxf1 Rf8 29. Qe2 Rxf1 30. Nxf1 Qd7 31. Ne3 Nb7 32. Qd2 Nd8 33. Ng4 Qe7 34. Qh6+
Kh8 35. h4 Nf7 36. Qc1 Kg7 37. Qh1 h5 38. Nf2 Nh6 39. Qh3 a6 40. Qc8 Qf7 41. a4
a5 42. Qh3 Qe7 43. g4 hxg4 44. Nxg4 Nxg4 45. Qxg4 Kh6 46. Kg3 1/2-1/2